Flipped Classroom potenciado con IA (Registro nro. 10905)

000 -CABECERA
Campo de control de longitud fija 01972nam a22002897a 4500
003 - IDENTIFICADOR DEL NÚMERO DE CONTROL
Campo de control OSt
005 - FECHA Y HORA DE LA ÚLTIMA TRANSACCIÓN
Campo de control 20260630170935.0
008 - CÓDIGOS DE INFORMACIÓN DE LONGITUD FIJA
Campo de control de longitud fija 260625t2025 xxu||||| |||| 00| 0 spa d
040 ## - FUENTE DE LA CATALOGACIÓN
Centro catalogador de origen Unicoc
Lengua de catalogación spa
Centro que cataloga Bogotá (Dr. David Ordóñez Rueda) - Campus Norte
Centro modificador Bogotá (Dr. David Ordóñez Rueda) - Campus Norte
082 ## - NÚMERO DE LA CLASIFICACIÓN DECIMAL DEWEY
Número de clasificación 371.33
100 ## - PUNTO DE ACCESO PRINCIPAL - NOMBRE DE PERSONA
9 (RLIN) 13134
Nombre de persona Rey Valzacchi, Jorge
245 ## - MENCIÓN DE TÍTULO
Título Flipped Classroom potenciado con IA
Subtitulo o Resto del título : Una metodología activa para transformar la enseñanza con creatividad, tecnología y pensamiento crítico
Mención de responsabilidad etc. / Jorge Rey Valzacchi
250 ## - MENCIÓN DE EDICIÓN
Mención de edición 1 Ed.
260 ## - PUBLICATION, DISTRIBUTION, ETC. (IMPRINT)
Lugar de publicación distribución etc. Argentina :
Nombre del editor distribuidor etc. Instituto Latinoamericano de Desarrollo Profesional Docente ,
Fecha de publicación distribución etc. 2025.
300 ## - DESCRIPCIÓN FÍSICA
Extensión 118 páginas
Otras características físicas Ilustraciones, diagramas, tablas
440 ## - MENCIÓN DE SERIE
9 (RLIN) 13135
Título Aprende Virtual
500 ## - NOTA GENERAL
Nota general Incluye bibliografía
505 ## - NOTA DE CONTENIDO CON FORMATO
Título 1. Conceptos fundamentales de Flipped Classroom. --
-- 1. Conceptos fundamentales de Flipped Classroom. --

-- 3. Elementos clave del Flipped Classroom. --
-- 4. El rol del docente en el modelo de Flipped Classroom. --
-- 5. Tecnologías y herramientas para el Flipped Classroom. --
-- 6. El impacto de la IA en el Flipped Classroom. --
-- 7. Implementación del Flipped Classroom. --
-- 8. Beneficios del Flipped Classroom. --
-- 9. Desafíos y limitaciones del Flipped Classroom. --
-- 10. Diversidad e inclusión en el Flipped Classroom con IA. --
-- 11. Evaluación formal e informal en el modelo de Flipped Classroom. --
-- 12. El futuro del Flipped Classroom en la era de la IA. --
-- 13. Veinte proyectos para aplicar con Flipped Classroom.
526 ## - NOTA DE INFORMACIÓN SOBRE EL PROGRAMA DE ESTUDIO
Institución que aplica el campo Unicoc
546 ## - NOTA DE LENGUA
Nota de lengua Español
650 #0 - PUNTO DE ACCESO ADICIONAL DE MATERIA - TÉRMINO DE MATERIA
9 (RLIN) 13136
Término de materia o nombre geográfico como elemento inicial Tecnología educativa
Subdivisión de forma Modelos pedagógicos
650 #0 - PUNTO DE ACCESO ADICIONAL DE MATERIA - TÉRMINO DE MATERIA
9 (RLIN) 13143
Término de materia o nombre geográfico como elemento inicial Aula invertida
650 #0 - PUNTO DE ACCESO ADICIONAL DE MATERIA - TÉRMINO DE MATERIA
9 (RLIN) 13144
Término de materia o nombre geográfico como elemento inicial Inteligencia artificial en educación
650 #0 - PUNTO DE ACCESO ADICIONAL DE MATERIA - TÉRMINO DE MATERIA
9 (RLIN) 13186
Término de materia o nombre geográfico como elemento inicial Modelo de Flipped Classroom
856 ## - LOCALIZACIÓN Y ACCESO ELECTRÓNICOS
Texto del enlace Acceso online exclusivo para comunidad Unicoc.
Identificador Uniforme del Recurso (URI) https://unicoceduco-my.sharepoint.com/:b:/g/personal/direccionbiblioteca_unicoc_edu_co/IQDVdbArdKskQ7-6Nuq4ADVLAXYz4Zs6F8f_LvfYTmMxLpo
942 ## - ENTRADA PARA ELEMENTOS AGREGADOS (KOHA)
Fuente de clasificación o esquema de ordenación en estanterías
Koha [por defecto] tipo de item Libro electrónico
Existencias
Fuente de adquisición Localización permanente Localización actual Estropeado No para préstamo Estado de pérdida Tipo de item de Koha Fuente de clasificación o esquema de ordenación en estanterías Código de barras Fecha de adquisición Signatura completa Código de colección Fecha última consulta Precio Fecha del precio de reemplazo
CompraBogotá (Dr. David Ordóñez Rueda) - Campus NorteBogotá (Dr. David Ordóñez Rueda) - Campus Norte   Libro electrónico Ebook109052026-06-25371.33Coleccion Online2026-06-25200000.002026-06-25

© 2014 UNICOC | Institución Universitaria Colegios de Colombia - UNICOC
Bogotá D.C. Autopista Norte Km. 20. Teléfono:(571)6683535
Cali: Calle 13 Norte No. 3N-13. Teléfono: (572)6608887

Con tecnología de Koha